[Event "Mecklenburg VP Verbandsliga 1920"]
[Site "Mecklenburg VP"]
[Date "2019.12.08"]
[Round "4.4"]
[White "Ehlers, Michael2222"]
[Black "Wichert, Till"]
[Result "0-1"]
[WhiteElo "1941"]
[BlackElo "2020"]
[PlyCount "72"]
[EventDate "2019.09.29"]
[EventType "team-tourn"]
[EventRounds "9"]
[EventCountry "GER"]
[SourceTitle "EXT 2023"]
[Source "ChessBase"]
[SourceDate "2022.10.05"]
[SourceVersion "1"]
[SourceVersionDate "2022.10.05"]
[SourceQuality "1"]
[WhiteTeam "Torgelow"]
[BlackTeam "Stralsund HSG"]
[WhiteTeamCountry "GER"]
[BlackTeamCountry "GER"]

1. e4 e6 2. d3 d5 3. Nd2 Nf6 4. g3 c5 5. Bg2 Nc6 6. Ngf3 g6 7. 0-0 Bg7 8. exd5 Nxd5 9. Ne4 b6 10. Bg5 f6 11. Bd2 0-0 12. Re1 e5 13. h3 Bb7 14. h4 Nc7 15. h5 g5 16. Nfxg5 fxg5 17. Bxg5 Qd7 18. h6 Bh8 19. Qh5 Ne8 20. Bh4 Qf5 21. Qxf5 Rxf5 22. Bh3 Rh5 23. Be6+ Kf8 24. c3 Rxh6 25. Bd7 Ne7 26. Ng5 Nc7 27. Ne4 Rd8 28. Bg4 Rxd3 29. f3 Bxe4 30. Rxe4 Rhd6 31. f4 Ng6 32. fxe5 Bxe5 33. Rf1+ Kg7 34. Rxe5 Nxe5 35. Bf5 Rd1 36. g4 Nf3+ 0-1

[Event "Mecklenburg VP U18"]
[Site "Malchow"]
[Date "2016.02.02"]
[Round "2.1"]
[White "Wichert, Till"]
[Black "Schmekel, Florian"]
[Result "1-0"]
[WhiteElo "1599"]
[BlackElo "1914"]
[PlyCount "61"]
[EventDate "2016.02.02"]
[EventType "swiss"]
[EventRounds "7"]
[EventCountry "GER"]
[SourceTitle "EXT 2024"]
[Source "ChessBase"]
[SourceDate "2023.10.10"]
[SourceVersion "1"]
[SourceVersionDate "2023.10.10"]
[SourceQuality "1"]

1. c4 c5 2. g3 g6 3. Bg2 Bg7 4. Nc3 Nc6 5. Nf3 e6 6. d3 Nge7 7. Bg5 0-0 8. Qd2 b6 9. h4 h5 10. 0-0-0 Bb7 11. Nh2 f6 12. Bh6 f5 13. Bg5 d6 14. Rdg1 Qd7 15. e4 Nd4 16. f3 Nec6 17. g4 fxg4 18. fxg4 Nb4 19. Kb1 Rf7 20. gxh5 Raf8 21. Ng4 gxh5 22. Nh6+ Kh7 23. Nxf7 Rxf7 24. Rf1 Nbc6 25. Qd1 Rxf1 26. Rxf1 Qe8 27. Bf6 Bxf6 28. Rxf6 Ne5 29. Bh3 Bc6 30. Qd2 Ndf3 31. Qh6+ 1-0

[Event "Mecklenburg VP LL2 Ost 1516"]
[Site "Mecklenburg VP"]
[Date "2015.12.13"]
[Round "4.3"]
[White "Wichert, Till"]
[Black "Peters, Hans Joachim"]
[Result "0-1"]
[WhiteElo "1598"]
[BlackElo "1748"]
[PlyCount "68"]
[EventDate "2015.09.20"]
[EventType "team-tourn"]
[EventRounds "9"]
[EventCountry "GER"]
[SourceTitle "EXT 2022"]
[Source "ChessBase"]
[SourceDate "2021.10.06"]
[SourceVersion "1"]
[SourceVersionDate "2021.10.06"]
[SourceQuality "1"]
[WhiteTeam "Bergen Rugia"]
[BlackTeam "Neubrandenburg SG Eintracht III"]
[WhiteTeamCountry "GER"]
[BlackTeamCountry "GER"]

1. c4 Nf6 2. g3 e5 3. Bg2 Nc6 4. Nc3 d6 5. d3 Be7 6. e4 0-0 7. Nge2 Bg4 8. 0-0 Qc8 9. a3 a5 10. Be3 Bh3 11. f3 Bxg2 12. Kxg2 Nd8 13. d4 c6 14. d5 c5 15. Qc2 Ne8 16. f4 f6 17. f5 Nc7 18. g4 g6 19. h4 Kh8 20. Na4 Ra6 21. b4 axb4 22. axb4 cxb4 23. Nb6 Rxb6 24. Bxb6 Na6 25. Rab1 Rg8 26. Kf3 Nf7 27. Nc1 Nh6 28. Nd3 gxf5 29. gxf5 Nxf5 30. exf5 Qxf5+ 31. Ke3 Qh3+ 32. Rf3 Qxh4 33. Nxb4 Nxb4 34. Qc3 e4 0-1

[Event "Mecklenburg VP-ch U18"]
[Site "Malchow"]
[Date "2015.02.??"]
[Round "6.1"]
[White "Siegert, Gregor"]
[Black "Wichert, Till"]
[Result "1-0"]
[WhiteElo "1844"]
[BlackElo "1668"]
[PlyCount "49"]
[EventDate "2015.02.04"]
[EventType "swiss"]
[EventRounds "7"]
[EventCountry "GER"]
[SourceTitle "EXT 2022"]
[Source "ChessBase"]
[SourceDate "2021.10.06"]
[SourceVersion "1"]
[SourceVersionDate "2021.10.06"]
[SourceQuality "1"]

1. Nf3 Nf6 2. g3 g6 3. Bg2 Bg7 4. 0-0 0-0 5. d4 d5 6. b3 c6 7. c4 Bg4 8. Bb2 Nbd7 9. Nbd2 Re8 10. Ne5 Be6 11. cxd5 Nxd5 12. e4 N5b6 13. Nec4 Bxc4 14. bxc4 c5 15. e5 cxd4 16. f4 Nc5 17. a4 Rc8 18. a5 Na8 19. Nb3 Qc7 20. Nxd4 Red8 21. Qf3 a6 22. Rfd1 b6 23. Nc6 Rxd1+ 24. Rxd1 bxa5 25. Ba3 1-0

[Event "Mecklenburg VP LL2 Ost 1415"]
[Site "Mecklenburg VP"]
[Date "2015.01.18"]
[Round "5.3"]
[White "Schreiner, Wolfgang"]
[Black "Wichert, Till"]
[Result "0-1"]
[WhiteElo "1830"]
[BlackElo "1411"]
[PlyCount "40"]
[EventDate "2014.09.21"]
[EventType "team-tourn"]
[EventRounds "9"]
[EventCountry "GER"]
[SourceTitle "EXT 2022"]
[Source "ChessBase"]
[SourceDate "2021.10.06"]
[SourceVersion "1"]
[SourceVersionDate "2021.10.06"]
[SourceQuality "1"]
[WhiteTeam "Waren ESV"]
[BlackTeam "Bergen Rugia"]
[WhiteTeamCountry "GER"]
[BlackTeamCountry "GER"]

1. e4 e6 2. d3 d5 3. Nd2 c5 4. g3 Nc6 5. Bg2 Nf6 6. Ngf3 Be7 7. 0-0 0-0 8. e5 Nd7 9. Re1 Qc7 10. Qe2 f6 11. exf6 Nxf6 12. Bh3 e5 13. Bxc8 Qxc8 14. Nxe5 Nd4 15. Qd1 Qf5 16. f4 Bd6 17. Kg2 Rae8 18. Ndf3 Bxe5 19. Nxe5 Ng4 20. Be3 Rxe5 0-1

[Event "Mecklenburg VP LL2 Ost 1415"]
[Site "Mecklenburg VP"]
[Date "2014.11.09"]
[Round "2.3"]
[White "Schumann, Lutz"]
[Black "Wichert, Till"]
[Result "1/2-1/2"]
[WhiteElo "1735"]
[BlackElo "1411"]
[PlyCount "44"]
[EventDate "2014.09.21"]
[EventType "team-tourn"]
[EventRounds "9"]
[EventCountry "GER"]
[SourceTitle "EXT 2022"]
[Source "ChessBase"]
[SourceDate "2021.10.06"]
[SourceVersion "1"]
[SourceVersionDate "2021.10.06"]
[SourceQuality "1"]
[WhiteTeam "Graal Mueritz"]
[BlackTeam "Bergen Rugia"]
[WhiteTeamCountry "GER"]
[BlackTeamCountry "GER"]

1. c4 e5 2. Nc3 Nf6 3. d3 Nc6 4. g3 Bc5 5. e3 0-0 6. a3 a5 7. Bg2 d6 8. Nf3 Re8 9. 0-0 Bg4 10. h3 Bh5 11. Qb3 Rb8 12. Nd2 Bg6 13. Nce4 Nd7 14. Qb5 Bb6 15. b4 f5 16. Nc3 Nf6 17. Nd5 Nxd5 18. Bxd5+ Kh8 19. Bxc6 bxc6 20. Qxc6 f4 21. Ne4 Rf8 22. Bd2 Be8 1/2-1/2